Dalit women : issues and perspectives/ (Record no. 9794)

000 -LEADER
fixed length control field 00432nam a22001691a 4500
020 ## - INTERNATIONAL STANDARD BOOK NUMBER
ISBN 9788126120871
082 ## - DEWEY DECIMAL CLASSIFICATION NUMBER
Classification number 305.568 8
Item number MAM/D
245 ## - TITLE STATEMENT
Title Dalit women : issues and perspectives/
Statement of responsibility, etc by Mamta Rajawat (ed.)
260 ## - PUBLICATION, DISTRIBUTION, ETC. (IMPRINT)
Place of publication New Delhi:
Name of publisher Anmol,
Year of publication 2005.
300 ## - PHYSICAL DESCRIPTION
Number of Pages 361p.
650 ## - SUBJECT ADDED ENTRY--TOPICAL TERM
Topical Term Dalit Studies
650 ## - SUBJECT ADDED ENTRY--TOPICAL TERM
Topical Term Dalit Women
650 ## - SUBJECT ADDED ENTRY--TOPICAL TERM
Topical Term Dalit India
650 ## - SUBJECT ADDED ENTRY--TOPICAL TERM
Topical Term Social Sciences
700 ## - ADDED ENTRY--PERSONAL NAME
Personal name Mamta Rajawat (ed.)
942 ## - ADDED ENTRY ELEMENTS (KOHA)
Koha item type Book
Holdings
Withdrawn status Lost status Damaged status Not for loan Permanent Location Current Location Date acquired Cost, normal purchase price Full call number Accession Number Cost, replacement price Price effective from Koha item type
        Sree Sankaracharya University of Sanskrit Sree Sankaracharya University of Sanskrit 08.01.2015 20.00 305.568 8 MAM/D 055556 0.00 08.01.2015 Book
        Sree Sankaracharya University of Sanskrit Sree Sankaracharya University of Sanskrit 08.01.2015 2000.00 305.568 8 MAM/D 055557 0.00 08.01.2015 Book
        Sree Sankaracharya University of Sanskrit Sree Sankaracharya University of Sanskrit 08.01.2015 2000.00 305.568 8 MAM/D 055555 0.00 08.01.2015 Book